| 000 | 01214nam a2200337 i 4500 | ||
|---|---|---|---|
| 001 | 198010 | ||
| 003 | ES-MaACL | ||
| 005 | 20260221063021.0 | ||
| 007 | ta | ||
| 008 | 251127s2025 sp |||||| 001 0 spa | ||
| 017 |
_aBI 874-2025 _bOficina Depósito Legal Vizcaya |
||
| 020 | _a979-13-990552-9-0 | ||
| 040 |
_aES-MaACL _bspa _cES-MaACL _erda |
||
| 080 | _a821.134.2-31"19" | ||
| 100 | 1 |
_9241167 _aMartínez Coello, Carmen _4aut _eaut |
|
| 245 | 1 | 0 |
_aLala / _cCarmen Martínez Coello |
| 250 | _aPrimera edición, octubre 2025 | ||
| 264 | 1 |
_aPortugalete : _bRubric, _c2025 |
|
| 300 |
_a281 páginas ; _c22 cm |
||
| 336 |
_atexto _2rdacontent |
||
| 337 |
_asin mediación _2rdamedia |
||
| 338 |
_avolumen _2rdacarrier |
||
| 500 | _aEjemplar firmado y dedicado por la autora | ||
| 504 | _aBibliografía: páginas 277-278. Índice | ||
| 655 | 0 |
_9236352 _aNovelas familiares |
|
| 852 |
_aES-MaACL _cDEPO1 _jA-15953 _gDedicatoria autógrafa de la autora _hDonación: Carmen Martínez Coello _xEncuadernación rústica _9207085 |
||
| 942 |
_cMONOGRAFIA _n0 |
||
| 999 |
_c198010 _d198010 |
||